000 00686nam a2200193 i 4500
001 71200
003 ES-MaACL
005 20250805064137.0
007 t|
008 040806s1958 it ||||1| ita d
100 1 _aGautier, Théophile,
_d1811-1872
_9170960
245 1 2 _aIl capitán fracassa /
_cTheophile Gautier ; traduzione e prefazione di Giuseppe Lipparini ; con cinquenta illustrazioni di Gustavo Doré.
260 _a[S.l. :
_bArnoldo Mondadori,
_c1958] (
_fGraf. Veronesi)
300 _a560 p., 58 lám. ;
_c25 cm.
700 1 _aLipparini, Guiseppe.
_972498
700 1 _aDoré, Gustave.
_945388
852 _aES-MaACL
_jC-15464
_bR.43568
999 _c71200
_d71200